LEADER 01273nam a2200301 i 4500 001 000000121545 003 CaOOAMICUS 005 20260424163720.0 008 031223s1995 it u000 u ita u 020 $a88-18-89018-2 040 $aSeMil$bita 100 1 $aSonnichsen, Charles Leland,$d<1901-1991>.$0(OLS)http://semarc/name/50530 240 14$aThe Mescalero Apaches.$0(OLS)http://semarc/title/178937 245 10$aMescalero :$bgli Apache delle montagne /$cC.L. Sonnichsen ; traduzione dall'inglese di Fabrizio Pezzoli. 264 1$aMilano :$bRusconi,$c1995. 300 $a280 p. ;$c22 cm. 490 1 $aLa sacra pipa 650 4$aIndiani d'America - Apache - Mescaleros.$0(OLS)http://semarc/subject/60098 700 1 $aPezzoli, Fabrizio.$0(OLS)http://semarc/name/50531 830 3$aLa sacra pipa.$0(OLS)http://semarc/title/14219 850 $aSeMil 852 $aSeMil$W1$xVenegono$y1$m3R IV 12$j270949$B76614$CSeMilBibl$Z2$F78320 $81 941 1 $a4 961 $aOmaggio: Martini Card. Carlo Maria 996 $6020$a88-18-89018-2$9(OLS)http://semarc/number/107029 996 $6245$aMescalero :$bgli Apache delle montagne$9(OLS)http://semarc/title/178936 996 $6264$aMilano :$bRusconi$9(OLS)http://semarc/publisher/30258